Top100 börsennotiertes Unternehmen A-Z - Statistiken

Allgemein
  • Dieses Quiz wurde 137 mal gespielt
  • Das Durchschnittsergebnis liegt bei 7 aus 26
Antworten auf der Karte
Die Antworten werden auf der Karte rot bzw. grün angezeigt, abhängig davon wie oft sie richtig erraten wurden.
 
Antwortstatistiken
Buchstabe Land % Korrekt
S SAP | Sartorius | Schaeffler | Scout24 | Siemens | Siemens Energy | Siemens Healthineers | Siltronic | SMA Solar Technology | Software | Stabilus | Ströer | Südzucker | Symrise
68%
A Adidas AG | Airbus SE | AlzChem Group AG | Aroundtown SA | Aurubis AG
67%
V Verbio Vereinigte BioEnergie AG | Volkswagen AG | Vonovia SE | Vossloh AG
67%
D Datagroup SE | Daimler Truck Holding AG | Deutsche Bank AG | Deutsche Börse AG | Deutsche Post AG (DHL Group) | Deutsche Telekom AG | Deutsche Wohnen SE | Dürr AG | Dürr Systems AG
57%
P PVA TePla AG | Porsche Automobil Holding SE | ProSiebenSat.1 Media SE | Puma SE
53%
B BASF SE | BayWa AG | Bayer AG | Bayerische Motoren Werke AG (BMW) | Bechtle AG | Beiersdorf AG | Bilfinger SE | Brenntag SE
45%
E Eckert & Ziegler Strahlen- und Medizintechnik AG | ElringKlinger AG | E.ON SE | Evonik Industries AG
43%
C Cancom SE | Carl Zeiss Meditec AG | Commerzbank AG | CompuGroup Medical SE & Co. KGaA | Continental AG | Covestro AG | CTS Eventim AG & Co. KGaA
38%
H Hannover Rück SE | Heidelberg Materials AG | Heidelberger Druckmaschinen AG | HELLA GmbH & Co. KGaA | Henkel AG & Co. KGaA | Hochtief AG | HUGO BOSS AG
33%
Z Zalando SE
32%
L Lanxess AG | LEG Immobilien AG | Lufthansa Group
30%
M Merck KGaA | Morphosys AG | MTU Aero Engines AG | Münchener Rückversicherungs-Gesellschaft (Munich Re)
26%
R Rational AG | RWE AG
24%
F Fraport AG | Fresenius SE & Co. KGaA | Fuchs Petrolub SE
23%
I Infineon Technologies AG
16%
T TAG Immobilien AG | Talanx AG | TeamViewer AG | TUI AG
14%
Q Qiagen NV
13%
U Uniper SE | United Internet AG
13%
W Wacker Chemie AG | Wacker Neuson SE
9%
G GEA Group AG | Grenke AG
6%
J Jenoptik AG | Jungheinrich AG
6%
K KION Group AG | Knorr-Bremse AG | Krones AG
5%
N Norma Group SE
5%
O keine
0%
X keine
0%
Y keine
0%
Keine übereinstimmenden Quizze gefunden
Verteilung der Resultate
Anzahl Personen mit jedem Resultat
Perzentil nach korrekt beantworteten Fragen
Ihre Resultats-Entwicklung
Sie haben dieses Quiz noch nicht gespielt